| 000 | 02884nab a2200265 i 4500 | ||
|---|---|---|---|
| 003 | BR-BrBNA | ||
| 005 | 20250718185906.0 | ||
| 008 | 250718b2020 bl.ar|pooa||| 00| 0 por | | ||
| 040 |
_aBR-BrBNA _bpor |
||
| 072 | _aF70 | ||
| 100 | _aMota, Michelle | ||
| 100 | _aPastore, José Floriano Barêa | ||
| 100 | _aMarques Neto, Roberto | ||
| 100 | _aSalimena, Fátima Regina | ||
| 245 | _aLamiaceae do Parque Estadual do Ibitipoca, Minas Gerais, Brasil | ||
| 500 | _aPublicação on-line; 18 ref.; 1 table; 1 illus.; Summaries (En, Pt) | ||
| 520 | _a Resumo Este estudo é um levantamento florístico da família Lamiaceae para o Parque Estadual do Ibitipoca. O Parque Estadual do Ibitipoca, inserido nos municípios de Bias Fortes, Lima Duarte e Santa Rita de Ibitipoca, no sudeste do estado de Minas Gerais, atualmente, é uma das Unidades de conservação mais visitadas do Brasil. Lamiaceae é uma das mais importantes famílias de Angiospermas, tanto economicamente quanto pela diversidade. Neste estudo foram encontrados 10 gêneros e 12 espécies: Aegiphila obducta, Cantinoa plectranthoides, Cyanocephalus rugosus, Eriope macrostachya, Hyptidendron asperrimum, Hyptis monticola, Mesosphaerum suaveolens, Rhabdocaulon coccineum, Salvia sellowiana, S. viscida, Vitex polygama e V. sellowiana. São apresentadas neste estudo, chave de identificação, descrição das espécies, ilustrações e comentários taxonômicos. Palavras-chave: Floresta Atlântica, florística, Labiatae, Mantiqueira. Abstract This study is a floristic survey of the Lamiaceae family in the Parque Estadual do Ibitipoca. The Parque Estadual do Ibitipoca, in the municipalities of Bias Fortes, Lima Duarte and Santa Rita de Ibitipoca, in the southeast of the state of Minas Gerais, is currently one of the most visited Conservation Units in Brazil. Lamiaceae is one of the most important families of Angiosperms, both economically and in diversity. In this study 10 genera and 12 species were found: Aegiphila obducta, Cantinoa plectranthoides, Cyanocephalus rugosus, Eriope macrostachya, Hyptidendron asperrimum, Hyptis monticola, Mesosphaerum suaveolens, Rhabdocaulon coccineum, Salvia sellowiana, S. viscida, Vitex polygama and V. sellowiana. Identification key, species description, illustrations and taxonomic comments are presented in this study. Key words: Atlantic forest, floristic, Labiatae, Mantiqueira range. | ||
| 650 | _aFLORESTA ATLÂNTICA | ||
| 650 | _aCOMPOSIÇÃO BOTÂNICA | ||
| 650 | _aMANTIQUEIRA | ||
| 773 | 0 |
_0709 _9353216 _dRio de Janeiro-RJ Jardim Botanico do Rio de Janeiro 1935 _o2025-4473 _tRodriguésia (Brazil) _x0370-6583; 2175-7860 on-line _gv. 71 p. 1-10; (2019) _wBR2025003289 |
|
| 856 | _uhttps://www.scielo.br/j/rod/a/Yyp5fqkk5RnHmVHTrYZWvHn/?format=pdf&lang=pt | ||
| 942 | _cANA | ||
| 999 |
_c333981 _d333981 |
||